000 01174nac a22003617a 4500
001 BR0902393
003 BR-BrBNA
005 20240105123742.0
008 230509b bl.|||m| |||| 00| 0 por d
040 _aBR-BrBNA
_bpor
_cBiblioteca Nacional de Agricultura
072 _aF01
090 _a0120 BR0902393
100 1 _aCarvalho, H.W.L. de
100 1 _aLeal, M. de L. de S.
100 1 _aSantos, M.X. dos
100 1 _aDonald, E.R.C.
110 1 _aCentro de Pesquisa Agropecuária dos Tabuleiros Costeiros, Aracaju, SE (Brasil)
245 1 _aRecomendações técnicas para o cultivo do milho nos Tabuleiros Costeiros do nordeste brasileiro
260 3 _aAracaju, SE (Brasil):
_c1999.
300 _a36 p.
490 _aCircular Técnica - Centro de Pesquisa Agropecuária dos Tabuleiros Costeiros (Brazil)
_vno. 10
_xISSN 1517-1310
500 _a13 tables; 5 ref.
650 _aMILHO
650 _aVARIEDADE
650 _aMANEJO DO SOLO
650 _aCALAGEM
650 _aADUBAÇÃO
650 _aÉPOCA DE PLANTIO
650 _aCOLHEITA
650 _aARMAZENAMENTO
909 _a202312
_bLúcia Elande
_c55
_dLúcia Elande
942 _2AGRIS
_n0
_cMS
999 _c296841
_d296841